书目信息 |
| 题名: |
创新网络背景下企业间关系能力研究
|
|
| 作者: | 林明, 著 | |
| 分册: | ||
| 出版信息: | 北京 经济科学出版社 2015.05 |
|
| 页数: | 181页 | |
| 开本: | 21cm | |
| 丛书名: | ||
| 单 册: | ||
| 中图分类: | F273.7 | |
| 科图分类: | ||
| 主题词: | 企业--qi ye--经济关系--研究 | |
| 电子资源: | ||
| ISBN: | 978-7-5141-5744-4 | |
| 000 | 01129nam0 2200277 450 | |
| 001 | 0100195305 | |
| 005 | 20201116172100.76 | |
| 010 | @a978-7-5141-5744-4@dCNY22.00 | |
| 100 | @a20150727d2015 em y0chiy50 ea | |
| 101 | 0 | @achi |
| 102 | @aCN@b110000 | |
| 105 | @ak a 000yy | |
| 106 | @ar | |
| 200 | 1 | @a创新网络背景下企业间关系能力研究@Achuang xin wang luo bei jing xia qi ye jian guan xi neng li yan jiu@f林明著@Flin ming zhu |
| 210 | @a北京@c经济科学出版社@d2015.05 | |
| 215 | @a181页@d21cm | |
| 300 | @a2011年教育部人文社科青年基金项目 (项目编号: 11YJC630118) 2014年浙江省自然基金一般项目 (项目编号: LY14G020007) 浙江大学宁波理工学院人才引进科研启动基金资助项目 | |
| 320 | @a有书目 (第161-181页) | |
| 330 | @a全书共分为九章, 主要内容包括: 理论基础与文献综述、创新网络内企业间关系能力的构成、创新网络内企业间关系能力的形成路径、创新网络内企业间关系能力的演化等。 | |
| 540 | @a创新网络背景下企业间关系能力研究 | |
| 606 | 0 | @a企业@Aqi ye@x经济关系@x研究 |
| 690 | @aF273.7@v5 | |
| 701 | 0 | @a林明,@Alin ming@f1972-@4著 |
| 801 | @aCN | |
| 901 | @a18 | |
| 905 | @eL512@dF273.7@a河南城建学院图书馆@b1275313-5@f3 | |
| 创新网络背景下企业间关系能力研究/林明著.-北京:经济科学出版社,2015.05 |
| 181页;21cm |
| 2011年教育部人文社科青年基金项目 (项目编号: 11YJC630118) 2014年浙江省自然基金一般项目 (项目编号: LY14G020007) 浙江大学宁波理工学院人才引进科研启动基金资助项目 |
| ISBN 978-7-5141-5744-4:CNY22.00 |
| 全书共分为九章, 主要内容包括: 理论基础与文献综述、创新网络内企业间关系能力的构成、创新网络内企业间关系能力的形成路径、创新网络内企业间关系能力的演化等。 |
| ● |
| 相关链接 |
|
|
|
正题名:创新网络背景下企业间关系能力研究
索取号:F273.7/L512
 
预约/预借
| 序号 | 登录号 | 条形码 | 馆藏地/架位号 | 状态 | 备注 |
| 1 | 1275313 | 212753138 | 社科库409/409社科库 93排1列5层/ [索取号:F273.7/L512] | 在馆 | |
| 2 | 1275314 | 212753145 | 社科库409/409社科库 93排1列5层/ [索取号:F273.7/L512] | 在馆 | |
| 3 | 1275315 | 212753152 | 社科库409/409社科库 93排1列5层/ [索取号:F273.7/L512] | 在馆 |